AH International Schools' Libraries

Sorphea, school and playground (KHMER) / (Record no. 49147)

MARC details
000 -LEADER
fixed length control field 00312nam a2200109 4500
020 ## - INTERNATIONAL STANDARD BOOK NUMBER
International Standard Book Number 9789995054922
100 ## - MAIN ENTRY--PERSONAL NAME
Personal name Phou, Charya
9 (RLIN) 86484
245 ## - TITLE STATEMENT
Title Sorphea, school and playground (KHMER) /
Statement of responsibility, etc Charya Phou and Visoth Seng
260 ## - PUBLICATION, DISTRIBUTION, ETC. (IMPRINT)
Place of publication, distribution, etc Cambodia
Name of publisher, distributor, etc Sipar
Date of publication, distribution, etc 2012
300 ## - PHYSICAL DESCRIPTION
Extent 24 p.
Other physical details col. ill.
Dimensions 24 cm.
942 ## - ADDED ENTRY ELEMENTS (KOHA)
Source of classification or shelving scheme
Koha item type Book
Holdings
Withdrawn status Lost status Source of classification or shelving scheme Damaged status Not for loan Collection code Home library Current library Shelving location Date acquired Total Checkouts Full call number Barcode Date last seen Price effective from Koha item type
          Siem Riep Asian Hope Early Years Library Asian Hope Early Years Library Easy Reading 08/06/2025   KHMER E PHO 207289 08/06/2025 08/06/2025 Book

For any Logos Library related questions please contact Miss Art at swongnarasuk@asianhope.org.

For any Asian Hope Library related questions please contact Miss Raza at graza@asianhope.org.

Powered by Koha